Quizzes
Events
Quiz Creation
Community
Videos
Private Events
Remove Ads
Sign In
Join for FREE
Feedback
Dark Mode
Quiz Categories
Sports
Geography
Music
Movies
Television
Just For Fun
Miscellaneous
History
Literature
Language
Science
Gaming
Entertainment
Religion
Holiday
For Kids
Quiz Lab
Recent
Popular Today
Quiz Kudos Today
Editor Picks
Curator Picks
Quizzes by...
Day
Popularity
Type
Ratings
Length
Year
Community
Subscriptions
Recent Discussions
Orange Saloon
Badges
Playlists
Quests
Create
Leaderboards
Showdown
Live 5
Trivia Bingo
Activity
Puzzle Library
Sporcle Events
Private Events
Virtual Trivia
Globe League
Become a Host
Pub Owners
SporcleCon
Opinionation
Our Games
Videos
Blog
Mobile Apps
Partnerships
Remove Ads and Go Orange
Feedback
Entertainment
Celebrity
Famous
Musical
Broadway
Show
Quote
Comic Books
Anime
Superhero
DC Comics
Marvel
Cartoons
Animation
Entertainment
Celebrity
Famous
Musical
Broadway
Show
Quote
Comic Books
Anime
Superhero
DC Comics
Marvel
Cartoons
Animation
Random Quiz
Search Sporcle
×
Quiz Lab
Quiz Lab
Entertainment
Event
Type in answers that appear in a list
Type in answers that appear in a list
Classic
Best Score? Go Orange.
WCW PPV Main Events Part 2 Stats
Can you name the WCW PPV Main Events Part 2?
By
AltoonaMuppet
10m
139 Questions
1,455 Plays
1,455 Plays
1,455 Plays
Comments
Comments
Give Quiz Kudos
Give Quiz Kudos
-
- Ratings
hide this ad
More Info
Replay
Link that replays current quiz
Next Quiz
Link to next quiz in quiz playlist
You Got
0%
They Got
Avg Score
94%
Avg Friend Score
Upgrade to see
Score Distribution
Jump to the score distribution portion of the page
Score
0/139
Timer
10:00
1
Play Today
Event Name
Competitor
% Correct
Uncensored 1997
Hollywood Hogan
99.2%
Bash at the Beach 1997
Hollywood Hogan
99.2%
Road Wild 1997
Hollywood Hogan
99.2%
Halloween Havoc 1997
Hollywood Hogan
99.2%
Starrcade 1997
Hollywood Hogan
99.2%
SuperBrawl 1998
Hollywood Hogan
99.2%
Uncensored 1998
Hollywood Hogan
99.2%
Bash at the Beach 1998
Hollywood Hogan
99.2%
Road Wild 1998
Hollywood Hogan
99.2%
Fall Brawl 1998
Hollywood Hogan
99.2%
SuperBrawl 1999
Hollywood Hogan
99.2%
Uncensored 1999
Hollywood Hogan
99.2%
Spring Stampede 1999
Hollywood Hogan
99.2%
Road Wild 1999
Hollywood Hogan
99.2%
Fall Brawl 1999
Hollywood Hogan
99.2%
Uncensored 2000
Hollywood Hogan
99.2%
Uncensored 1997
Kevin Nash
99%
Slamboree 1997
Kevin Nash
99%
Fall Brawl 1997
Kevin Nash
99%
Slamboree 1998
Kevin Nash
99%
Fall Brawl 1998
Kevin Nash
99%
Starrcade 1998
Kevin Nash
99%
Slamboree 1999
Kevin Nash
99%
The Great American Bash 1999
Kevin Nash
99%
Bash at the Beach 1999
Kevin Nash
99%
Road Wild 1999
Kevin Nash
99%
The Great American Bash 2000
Kevin Nash
99%
Fall Brawl 2000
Kevin Nash
99%
SuperBrawl 2001
Kevin Nash
99%
Uncensored 1997
Scott Hall
98.6%
Slamboree 1997
Scott Hall
98.6%
World War 3 1997
Scott Hall
98.6%
Slamboree 1998
Scott Hall
98.6%
Souled Out 1999
ScotT Hall
98.6%
SuperBrawl 2000
Scott Hall
98.6%
Starrcade 1997
Sting
97.9%
SuperBrawl 1998
Sting
97.9%
Spring Stampede 1998
Sting
97.9%
Slamboree 1998
Sting
97.9%
The Great American Bash 1998
Sting
97.9%
Fall Brawl 1998
Sting
97.9%
Spring Stampede 1999
Sting
97.9%
Bash at the Beach 1999
Sting
97.9%
Fall Brawl 1999
Sting
97.9%
Halloween Havoc 1999
Sting
97.9%
Spring Stampede 1997
Diamond Dallas Page
97.7%
The Great American Bash 1997
Diamond Dallas Page
97.7%
Event Name
Competitor
% Correct
Bash at the Beach 1998
Diamond Dallas Page
97.7%
Road Wild 1998
Diamond Dallas Page
97.7%
Fall Brawl 1998
Diamond Dallas Page
97.7%
Halloween Havoc 1998
Diamond Dallas Page
97.7%
Spring Stampede 1999
Diamond Dallas Page
97.7%
Slamboree 1999
Diamond Dallas Page
97.7%
Spring Stampede 2000
Diamond Dallas Page
97.7%
Slamboree 2000
Diamond Dallas Page
97.7%
Greed 2001
Diamond Dallas Page
97.7%
Uncensored 1997
Chris Benoit
97.3%
Fall Brawl 1997
Chris Benoit
97.3%
Mayhem 1999
Chris Benoit
97.3%
Souled Out 2000
Chris Benoit
97.3%
Uncensored 1997
Scott Steiner
96.7%
Halloween Havoc 1998
Goldberg
96.7%
Starrcade 1998
Goldberg
96.7%
Souled Out 1999
Goldberg
96.7%
Halloween Havoc 1999
Goldberg
96.7%
Starrcade 1999
Goldberg
96.7%
Halloween Havoc 2000
Goldberg
96.7%
Mayhem 2000
Scott Steiner
96.7%
Starrcade 2000
Scott Steiner
96.7%
Sin 2001
Scott Steiner
96.7%
SuperBrawl 2001
Scott Steiner
96.7%
Greed 2001
Scott Steiner
96.7%
Slamboree 1997
Ric Flair
96.5%
Fall Brawl 1997
Ric Flair
96.5%
SuperBrawl 1999
Ric Flair
96.5%
Uncensored 1999
Ric Flair
96.5%
Spring Stampede 1999
Ric Flair
96.5%
Uncensored 2000
Ric Flair
96.5%
Bash at the Beach 2000
Booker T
96.4%
New Blood Rising 2000
Booker T
96.4%
Fall Brawl 2000
Booker T
96.4%
Mayhem 2000
Booker T
96.4%
Uncensored 1997
Jeff Jarrett
95.9%
SuperBrawl 2000
Jeff Jarrett
95.9%
Spring Stampede 2000
Jeff Jarrett
95.9%
Slamboree 2000
Jeff Jarrett
95.9%
The Great American Bash 2000
Jeff Jarrett
95.9%
Bash at the Beach 2000
Jeff Jarrett
95.9%
New Blood Rising 2000
Jeff Jarrett
95.9%
Sin 2001
Jeff Jarrett
95.9%
Uncensored 1997
'Macho Man' Randy Savage
95.7%
Spring Stampede 1997
'Macho Man' Randy Savage
95.7%
The Great American Bash 1997
'Macho Man' Randy Savage
95.7%
Souled Out 1998
Macho Man Randy Savage
95.7%
Event Name
Competitor
% Correct
Uncensored 1998
Macho Man Randy Savage
95.7%
Spring Stampede 1998
Macho Man Randy Savage
95.7%
The Great American Bash 1999
Macho Man Randy Savage
95.7%
Bash at the Beach 1999
Macho Man Randy Savage
95.7%
Fall Brawl 1998
Bret Hart
95.6%
Mayhem 1999
Bret Hart
95.6%
Starrcade 1999
Bret Hart
95.6%
Uncensored 1997
The Giant
95.4%
Bash at the Beach 1997
The Giant
95.4%
Slamboree 1998
The Giant
95.4%
The Great American Bash 1998
The Giant
95.4%
World War 3 1998
The Giant
95.4%
Uncensored 1997
Lex Luger
94.9%
Bash at the Beach 1997
Lex Luger
94.9%
Road Wild 1997
Lex Luger
94.9%
Souled Out 1998
Lex Luger
94.9%
Fall Brawl 1998
Lex Luger
94.9%
Slamboree 2000
David Arquette
92.2%
Uncensored 1997
Rowdy Roddy Piper
92%
Slamboree 1997
Rowdy Roddy Piper
92%
Halloween Havoc 1997
Rowdy Roddy Piper
92%
Fall Brawl 1998
Rowdy Roddy Piper
92%
Bash at the Beach 1997
Dennis Rodman
89.6%
Bash at the Beach 1998
Dennis Rodman
89.6%
Slamboree 1997
Syxx
88.5%
Fall Brawl 1997
Syxx
88.5%
Bash at the Beach 1999
Sid Vicious
87.9%
Souled Out 2000
Sid Vicious
87.9%
SuperBrawl 2000
Sid Vicious
87.9%
Starrcade 2000
Sid Vicious
87.9%
Sin 2001
Sid Vicious
87.9%
Road Wild 1998
Jay Leno
86.5%
Uncensored 1997
Steve McMichael
85.5%
Fall Brawl 1997
Steve McMichael
85.5%
Fall Brawl 1998
Stevie Ray
84.9%
Bash at the Beach 1998
Karl Malone
84.8%
Fall Brawl 1998
The Ultimate Warrior
84.3%
Fall Brawl 1997
Curt Hennig
84.1%
Road Wild 1998
Eric Bischoff
83.7%
Fall Brawl 1997
Buff Bagwell
83.1%
Fall Brawl 1997
Konnan
82.7%
Halloween Havoc 2000
Brian Adams
79.5%
Halloween Havoc 2000
Brian Clark
78%
Sin 2001
Road Warrior Animal
71.8%
Slamboree 1997
Kevin Greene
66.3%
Quiz Playlist
Details
Report
Send in Message
Add To Playlist
More Info:
Name the main event participants of all NWA/WCW Pay Per Views from Uncensored 1997 until the end of the company.
Classic:
Type in answers that appear in a list
Last Updated: Feb 16, 2017
Quiz Scoreboard
CHALLENGE
Sign Up to Join the Scoreboard
Show All
Scores
Hide
Comments
May contain spoilers
Recently Published
Presidents Visiting Landmarks
by Hejman
History
7m
An Introduction to Baseball
by treessimontrees
Sports
5m
Movies - When Are They Set?
by FPL_Elf
Movies
5m
More to Explore
Quiz From the Vault
Featured Blog Post
Where Did the Easter Bunny Come From?
hide this ad
You Might Also Like...
Tags
competitor
Event
Matching
PPV
PPV Main
WCW
Today's Top Quizzes in Entertainment
Browse Entertainment
hide this ad
Today's Top Quizzes in Event
Browse Event
Top Contributed Quizzes in Entertainment
1
7-to-1: DC Comics Villains
2
Marvel Characters Bunker
3
Eurovision 2023 Logic Puzzle
4
Kamen Rider Motifs
5
Dragon Ball Z: Goku's Fights in Order
6
Criteria Quickie: Cartoon Taxonomy II
7
Fictional Villains Letter U Blitz
8
Dragon Ball Z: Mega Character Search
9
Sorting Pictures: Villains
10
Mini Trivia Sudoku: Musicals
Explore More
Trending Topics
Harry Potter
Disney
Marvel
Crossword
Anime
Kpop
NBA
NFL
WWE
Pokémon
Song
Soccer
Puzzle
The Office
Country
hide this ad
More By:
AltoonaMuppet
Quiz
Plays
Rating
Category
Featured
Created
WWE/WCW PPV Opponents Rowdy Roddy Piper
8,375
4.23
Sports
Dec 20, 2009
WWF/WWE PPV Opponents Andre the Giant
5,131
3.30
Sports
Dec 21, 2009
WCW/NWA/WWE/WWF PPV Opponents Lex Luger
4,801
3.79
Sports
Dec 20, 2009
NWA/WWF/WCW PPV Opponents Dusty Rhodes
3,682
3.18
Sports
Dec 20, 2009
WWF/WWE/WCW/ECW Opponents Terry Funk
3,610
4.15
Sports
Dec 21, 2009
Go to Creator's Profile
Score Distribution
Quiz Creator Spotlight
AltoonaMuppet
Follow
Send a Message
Quizzes Created
-
Created Quiz Play Count
-
More By This Creator
Popular Quizzes Today
1
Find the US States - No Outlines Minefield
2
Find the Countries of Europe - No Outlines Minefield
3
The Countries of the World
4
Find the US States
5
Popular People in 1961
6
US States
7
Risky Map Clicking: Biggest States A-Z
8
Movies - When Are They Set?
More Entertainment Quizzes
Superheroes by Face Mask
Curator's Pick
Trending Quizzes
Risky Map Clicking: Least Populous States A-Z
1-10 Letter G Words
1-10 Letter F Words
Risky Map Clicking: Next State Alphabetically
Risky Map Clicking: Biggest States A-Z
Recently Updated
Leaping Animals
pecheneg
Reality TV Shows (A-Z)
bhenderson79
Rickey Henderson's Hall of Fame Teammates
pecheneg
Champions League XIs: Arsenal
pecheneg
Quick Pick: Celebrities in WWE's Hall of Fame
aduchscher
A-Z Keypad Blitz II
pecheneg
Multiple Oscar Actors
pecheneg
Mystery Phrase Blitz: Oscar 'Best Actors'
pecheneg
F. Scott Fitzgerald Novels
LTH
Pick 3 Villains
ddd62291
Trending Topics
Anime
Kpop
Disney
Marvel
NBA
Harry Potter
Crossword
Puzzle
The Office
NFL
WWE
Pokémon
Soccer
Country
Song
Your Account Isn't Verified!
In order to create a playlist on Sporcle, you need to verify the email address you used during registration. Go to your
Sporcle Settings
to finish the process.
Report this User
Report this user for behavior that violates our
Community Guidelines
.
Details:
Send Report
Go to the Sporcle.com Mobile Site →
Comments